Shoeless Joe & me : (Record no. 420)

MARC details
000 -LEADER
fixed length control field 01625nam a22004097a 4500
001 - CONTROL NUMBER
control field 420
003 - CONTROL NUMBER IDENTIFIER
control field FISKH
005 - DATE AND TIME OF LATEST TRANSACTION
control field 20230411150850.0
008 - FIXED-LENGTH DATA ELEMENTS--GENERAL INFORMATION
fixed length control field 230411b cb ||||| |||| 00| 0 eng d
020 ## - INTERNATIONAL STANDARD BOOK NUMBER
International Standard Book Number 0060292539
020 ## - INTERNATIONAL STANDARD BOOK NUMBER
International Standard Book Number 9780439653572
020 ## - INTERNATIONAL STANDARD BOOK NUMBER
International Standard Book Number 0060292547
040 ## - CATALOGING SOURCE
Original cataloging agency DLC
Transcribing agency DLC
Modifying agency DLC
-- FISKH
Language of cataloging eng
042 ## - AUTHENTICATION CODE
Authentication code lcac
050 00 - LIBRARY OF CONGRESS CALL NUMBER
Classification number PZ7.G9846
Item number 2002
082 00 - DEWEY DECIMAL CLASSIFICATION NUMBER
Classification number 796.357083
Edition number 21
100 1# - MAIN ENTRY--PERSONAL NAME
Personal name Gutman, Dan.
245 10 - TITLE STATEMENT
Title Shoeless Joe & me :
Remainder of title a baseball card adventure /
Statement of responsibility, etc. Dan Gutman.
246 3# - VARYING FORM OF TITLE
Title proper/short title Shoeless Joe and me
260 ## - PUBLICATION, DISTRIBUTION, ETC.
Place of publication, distribution, etc. New York :
Name of publisher, distributor, etc. Scholastic.
Date of publication, distribution, etc. 2002.
300 ## - PHYSICAL DESCRIPTION
Extent ix, 163 pages. :
Other physical details ill. ;
Dimensions 20 cm.
505 ## - FORMATTED CONTENTS NOTE
Formatted contents note K
520 ## - SUMMARY, ETC.
Summary, etc. Joe Stoshack travels back to 1919, where he meets Shoeless Joe Jackson and tries to prevent the fixing of the World Series in which Jackson was wrongly implicated.
521 8# - TARGET AUDIENCE NOTE
Target audience note 600 <br/>
Source Lexile
521 8# - TARGET AUDIENCE NOTE
Target audience note K <br/>
Source Raz-Plus
600 10 - SUBJECT ADDED ENTRY--PERSONAL NAME
Personal name Jackson, Joe,
Dates associated with a name 1888-1951
Form subdivision Juvenile fiction.
600 11 - SUBJECT ADDED ENTRY--PERSONAL NAME
Personal name Jackson, Joe,
Dates associated with a name 1888-1951
Form subdivision Fiction.
610 21 - SUBJECT ADDED ENTRY--CORPORATE NAME
Corporate name or jurisdiction name as entry element Chicago White Sox (Baseball team)
General subdivision History
Form subdivision Fiction.
650 #1 - SUBJECT ADDED ENTRY--TOPICAL TERM
Topical term or geographic name entry element Time travel
Form subdivision Fiction.
650 #1 - SUBJECT ADDED ENTRY--TOPICAL TERM
Topical term or geographic name entry element Baseball
Form subdivision Fiction.
650 #1 - SUBJECT ADDED ENTRY--TOPICAL TERM
Topical term or geographic name entry element Baseball cards
Form subdivision Fiction.
856 42 - ELECTRONIC LOCATION AND ACCESS
Materials specified Publisher description
Uniform Resource Identifier <a href="http://www.loc.gov/catdir/description/hc043/2001024638.html">http://www.loc.gov/catdir/description/hc043/2001024638.html</a>
856 42 - ELECTRONIC LOCATION AND ACCESS
Materials specified Contributor biographical information
Uniform Resource Identifier <a href="http://www.loc.gov/catdir/enhancements/fy0910/2001024638-b.html">http://www.loc.gov/catdir/enhancements/fy0910/2001024638-b.html</a>
906 ## - LOCAL DATA ELEMENT F, LDF (RLIN)
a 7
b cbc
c orignew
d 1
e ocip
f 20
g y-gencatlg
942 ## - ADDED ENTRY ELEMENTS (KOHA)
Source of classification or shelving scheme Dewey Decimal Classification
Koha item type Books
Suppress in OPAC No
Holdings
Withdrawn status Lost status Source of classification or shelving scheme Damaged status Not for loan Collection Home library Current library Shelving location Date acquired Total Checkouts Full call number Barcode Date last seen Price effective from Koha item type
    Dewey Decimal Classification     Juvenile Fiction Footprints International School Library Network Toul Kork Campus Footprints International School Library Network Toul Kork Campus TK Primary Library Room(4th Floor), Bookcase 3&4, Shelves 17-32, Yellow Books 04/11/2023   GUT 813.54 PZ7.G9846 FISTK00367 04/11/2023 04/11/2023 Books